Komunikasi antara manusia

Bibliographic Details
Main Author: Mcauley, Jack G. (Author)
Other Authors: Fatimah Yusoff (Translator), Mohd. Safar Hashim (Translator)
Format: Book
Language:Malay
Published: Kuala Lumpur : Dewan Bahasa dan Pustaka 1988
Subjects:

MARC

LEADER 00000cam a2200000 7i4500
001 0000001299
005 20240924.0
008 991125 my a may
020 |a 9836205195 (pbk) 
040 |a INS   |b eng   |e rda 
090 0 0 |a P95   |b .M4788 1988 
100 1 |a Mcauley, Jack G. ,   |e author 
245 1 0 |a Komunikasi antara manusia   |c Jack G. Mc Auley : Terjemahan Mohd. Safar Hashim, Fatimah Yusooff 
264 1 |a Kuala Lumpur :   |b Dewan Bahasa dan Pustaka   |c 1988 
264 4 |c ©1988 
300 |a xv, 363 pages :   |b illustrations ;   |c 22 cm. 
336 |a text  |2 rdacontent 
337 |a unmediated  |2 rdamedia 
338 |a volume  |2 rdacarrier 
500 |a Includes index 
650 0 |a Social inferaction 
700 0 |a Fatimah Yusoff ,   |e translator 
700 0 |a Mohd. Safar Hashim ,   |e translator 
999 |a 0000003282   |b BOOK   |c Open Shelf   |e Default branch